[Event "Wch Disabilities 5th"]
[Site "Lublin"]
[Date "2023.08.24"]
[Round "6"]
[White "Kozhakhmetov, Sultan"]
[Black "Piekielny, Pawel"]
[Result "0-1"]
[WhiteElo "1660"]
[BlackElo "2225"]
[PlyCount "118"]
[EventDate "2023.08.19"]
[EventType "swiss"]
[EventRounds "9"]
[EventCountry "POL"]
[SourceTitle "CBM 215 Extra"]
[Source "ChessBase"]
[SourceDate "2023.09.30"]
[SourceVersion "1"]
[SourceVersionDate "2023.09.30"]
[SourceQuality "1"]

1. d4 Nf6 2. c4 e6 3. g3 d5 4. Bg2 dxc4 5. Nf3 b5 6. a4 c6 7. Ne5 Nd5 8. 0-0 Bb7 9. b3 cxb3 10. Qxb3 b4 11. a5 Na6 12. Nd3 Be7 13. Bd2 0-0 14. Rc1 Rc8 15. Nc5 Nxc5 16. dxc5 Ba6 17. e4 Nc3 18. Bxc3 bxc3 19. Qxc3 Qc7 20. Ra2 Bf6 21. Qf3 Rfd8 22. Bf1 Bxf1 23. Kxf1 Rb8 24. Qe2 Rb5 25. a6 Bd4 26. Nd2 g6 27. Nf3 Bf6 28. Kg2 Be7 29. Qe3 Ra5 30. Rcc2 Rb8 31. Nd2 Rbb5 32. Nb3 Rxa2 33. Rxa2 Qb8 34. Ra3 Qe5 35. Qd4 Rxc5 36. Qxe5 Rxe5 37. Ra4 Rb5 38. Nd2 Kf8 39. Kf3 Ke8 40. Ke2 Rb4 41. Ra1 Rb2 42. Kd3 Bb4 43. Nc4 Rxf2 44. Rb1 c5 45. Nd6+ Kd7 46. e5 f5 47. Kc4 Kc6 48. Nc8 Rc2+ 49. Kb3 Rc3+ 50. Kb2 Ra3 51. Nxa7+ Kb6 52. Nc8+ Kxa6 53. Nd6 Rf3 54. Ra1+ Kb6 55. Ra8 Kc6 56. Nf7 Rf2+ 57. Kb3 Rxh2 58. Rc8+ Kd7 59. Rh8 Be1 0-1

[Event "FIDE Disabled Cup"]
[Site "Ankara"]
[Date "2019.12.10"]
[Round "2.1"]
[White "Kozhakhmetov, Sultan"]
[Black "Lukina, Tatiana"]
[Result "1-0"]
[WhiteElo "1617"]
[BlackElo "1635"]
[PlyCount "39"]
[EventDate "2019.12.09"]
[EventType "team-tourn"]
[EventRounds "5"]
[EventCountry "TUR"]
[SourceTitle "CBM 193 Extra"]
[Source "ChessBase"]
[SourceDate "2020.01.31"]
[SourceVersion "1"]
[SourceVersionDate "2020.01.31"]
[SourceQuality "1"]
[WhiteTeam "Asia"]
[BlackTeam "Russia/Turkey"]
[BlackTeamCountry "RUS"]

1. e4 e5 2. Nf3 Nc6 3. d4 exd4 4. Bc4 h6 5. Nxd4 Ne5 6. Be2 Nf6 7. Nc3 c6 8. f4 Ng6 9. e5 Nh7 10. 0-0 Be7 11. Bc4 0-0 12. Qh5 d5 13. Bd3 Nh8 14. f5 Bg5 15. f6 gxf6 16. Bxg5 Nxg5 17. exf6 Nh7 18. Qxh6 Nxf6 19. Rxf6 Ng6 20. Rxg6+ 1-0